The Dead Sea Scrolls Deception : (Record no. 606909)

MARC details
000 -LEADER
fixed length control field 00499nam a2200193 a 4500
008 - FIXED-LENGTH DATA ELEMENTS--GENERAL INFORMATION
fixed length control field 260103s2001##################000#0#eng##
020 ## - INTERNATIONAL STANDARD BOOK NUMBER
ISBN 9780099257035
082 04 - DEWEY DECIMAL CLASSIFICATION NUMBER
Classification number 296.155
Item number BAI
100 1# - MAIN ENTRY--AUTHOR NAME
Personal name Baigent, Michael,
245 10 - TITLE STATEMENT
Title The Dead Sea Scrolls Deception :
260 ## - PUBLICATION, DISTRIBUTION, ETC. (IMPRINT)
Name of publisher Random House,
Year of publication 2001.
300 ## - PHYSICAL DESCRIPTION
Number of Pages 428 pages
650 #0 - SUBJECT ADDED ENTRY--TOPICAL TERM
Topical Term Religion.
942 ## - ADDED ENTRY ELEMENTS (KOHA)
Koha item type English Books
Holdings
Withdrawn status Lost status Damaged status Not for loan Home library Current library Shelving location Date acquired Full call number Accession Number Price effective from Koha item type
        Anna Centenary Library Anna Centenary Library 3RD FLOOR, B WING 03.01.2026 296.155 BAI 341728 03.01.2026 English Books

Find us on the map